LEADER 01200nam0 22002411i 450 001 UON00198956 005 20231205103244.583 100 $a20030730d1959 |0itac50 ba 101 $aita 102 $aIT 105 $a|||| ||||| 200 1 $aDue costituenti settecentasche$enote sulla convenzione di Filadelfia e sull'Assemblea Nazionale Francese$fAlberto Aquarone 210 $aPisa$cNistri-Lischi$d1959. 157 p. ; 21 cm. 620 $aIT$dPisa$3UONL000055 700 1$aAQUARONE$bAlberto$3UONV100297$011495 712 $aNistri-Lischi$3UONV261786$4650 801 $aIT$bSOL$c20240220$gRICA 912 $aUON00198956 950 $aSIBA - SISTEMA BIBLIOTECARIO DI ATENEO$dSI III STORIAEUR D C 0424 $eSI MR 63991 5 0424 950 $aSIBA - SISTEMA BIBLIOTECARIO DI ATENEO$dSI NordA XI A AQU $eSI SI 245 7 950 $aSIBA - SISTEMA BIBLIOTECARIO DI ATENEO$dSI NordA XI A AQU bis $eSI SI 249 7 996 $aDue costituenti settecentasche$91253107 997 $aUNIOR LEADER 01113nam0 22002531i 450 001 UON00393534 005 20231205104623.629 100 $a20110608d1961 |0itac50 ba 101 $aita 102 $aIT 105 $a|||| ||||| 200 1 $aˆL'‰ordinamento giuridico ed il sistema positivo della giurisdizione in generale e della giurisdizione costituzionale in particolare$fSalvatore Romano 210 $aMilano$cGiuffrè. 1961 215 $a269 p.$d25 cm. 606 $aGiurisdizione costituzionale$3UONC078428$2FI 620 $aIT$dMilano$3UONL000005 700 1$aROMANO$bSalvatore$3UONV100809$081345 712 $aGiuffrè$3UONV257275$4650 801 $aIT$bSOL$c20251003$gRICA 899 $aSIBA - SISTEMA BIBLIOTECARIO DI ATENEO$2UONSI 912 $aUON00393534 950 $aSIBA - SISTEMA BIBLIOTECARIO DI ATENEO$dSI PUB F 0033 $eSI SG 2561 5 0033 $sBuono 996 $aOrdinamento giuridico ed il sistema positivo della giurisdizione in generale e della giurisdizione costituzionale in particolare$9216463 997 $aUNIOR